000 01365nam a2200241Ia 4500
001 18697
003 GE_BSU
008 181216s||||||||xx |||||||||||||| ||und||
040 _cGE_BSU
245 _aგადასახადები & აღრიცხვა. №22.2016
245 _bკანონმდებლობის მიმოხილვა, აღრიცხვა,ოფიციალური მასალები,ექსპერტის კონსულტაცია.
245 _cექსპერტები:გონერ ურიდია,ჯემალ ძაგნიძე, მაია ნასარაია,და სხვ.
250 _aგამოდის თვეში ორჯერ
260 _aთბილისი
260 _c2016
300 _a54გვ;29სმ.
520 _aსაკონსულტაციო ანალიტიკური ჟურნალი.
653 _aგადასახადები & აღრიცხვა
653 _aეკონომიკა
653 _aკანონმდებლობის მიმოხილვა, აღრიცხვა,ოფიციალური მასალები,ექსპერტის კონსულტაცია.
653 _aპერიოდიკა
942 _cCR
999 _c51706
_d51706